Statistics for Interesting Facts Quiz #6

Click here to take the quiz!

General Stats

  • This quiz has been taken 22,771 times
  • The average score is 12 of 20

Answer Stats

HintAnswer% Correct
______ _________ and Prince Philip were third cousins one way and
second cousins once removed another way
Queen Elizabeth
81%
__________ is so neutral it didn't join the United Nations until 2002Switzerland
81%
The average size of the human ______ has shrunk by about 10% in the last 40,000 yearsBrain
79%
______ is well-known for its Monte Carlo casino. At the same time,
gambling is illegal for ______'s citizens.
Monaco
79%
Olympic gold medals are 92.5% ______Silver
75%
Between 100 AD and 1100 AD, the population of the city of ______ fell by about 99%Rome
70%
Giant ______ were unknown outside of China until 1869Pandas
66%
In 1999, ______ offered to sell itself to excite.com for $1 millionGoogle
63%
Kelp is not a ______Plant
63%
Lake Champlain was briefly named the sixth "_____ ____" by an act of Congress in 1998Great Lake
59%
Japan's Kayabukiya Tavern once employed trained _______ to serve its guestsMonkeys
57%
At least 2.5% of adults in ____ ________ were informants for the Stasi (the secret police)East Germany
54%
Until the 19th century most _____ was made from rags, not wood pulpPaper
54%
______ was detected on the sun before it was detected on Earth.
That's why it was named for the Greek god of the sun.
Helium
51%
Jackie Kennedy's marriage contract to ________ _______ had 170 different clausesAristotle Onassis
48%
"_____ Syndrome" is a phenomenon where Japanese and Chinese visitors to ______
have a psychotic breakdown due to their extreme disappointment with the city
Paris
48%
In 1956, only 2% of people who bought a Ford automobile chose to equip
the optional ____ _____
Seat belts
48%
There are three _____ in California which you can drive through
(if you have a small enough car)
Trees
48%
In the Roman Empire, only about 30 years passed between the end of the persecution
of Christians and the beginning of the persecution of ______
Pagans
33%
_______, the material used to make drywall, is edible in small amounts.
It is often added to tofu to make it firmer.
Gypsum
15%

Score Distribution

Percentile by Number Answered

Percent of People with Each Score

Your Score History

You have not taken this quiz